Complete the Card - WWE Unforgiven 2008 - Statistics

General Stats
  • This quiz has been taken 11 times
  • The average score is 20 of 23
Answer Stats
Answer % Correct
Batista
100%
Chris Jericho
100%
Chris Jericho
100%
Jeff Hardy
100%
Kane
100%
Matt Hardy
100%
Shawn Michaels
100%
The Miz
100%
Triple H
100%
Chavo Guerrero
86%
Finlay
86%
John Bradshaw Layfield
86%
Mark Henry
86%
Michelle McCool
86%
MVP
86%
Shelton Benjamin
86%
The Brian Kendrick
86%
Cody Rhodes
71%
JTG
71%
Rey Mysterio
71%
Shad Gaspard
71%
Ted DiBiase
71%
Maryse
57%
No matching quizzes found
Score Distribution
Percent of People with Each Score
Percentile by Number Answered
Your Score History
You have not taken this quiz